Potentialisation de la sécrétion gastrique acide chez le chien par des doses subliminaires de métacholine

Elmentve itt :
Bibliográfiai részletek
Szerzők: Varró Vince
Kiss József
Mignon Michel
Dokumentumtípus: Cikk
Megjelent: 1971
Sorozat:Kolligátum
Kulcsszavak:Kísérleti állatok, Gyomorszekréció
Online Access:http://misc.bibl.u-szeged.hu/27211
LEADER 00693nab a2200193 i 4500
001 misc27211
005 20191111110329.0
008 171003s1971 hu o 0|| zxx d
040 |a SZTE Miscellanea Repozitórium  |b hun 
041 |a zxx 
100 1 |a Varró Vince 
245 1 0 |a Potentialisation de la sécrétion gastrique acide chez le chien par des doses subliminaires de métacholine  |h [elektronikus dokumentum] /  |c  Varró Vince 
260 |c 1971 
300 |a 170-174 
490 0 |a Kolligátum 
695 |a Kísérleti állatok, Gyomorszekréció 
700 0 1 |a Kiss József  |e aut 
700 0 1 |a Mignon Michel  |e aut 
856 4 0 |u http://misc.bibl.u-szeged.hu/27211/1/020_002_170-174.pdf  |z Dokumentum-elérés